| 000 | 00686nam a22002417a 4500 | ||
|---|---|---|---|
| 001 | 21642 | ||
| 003 | UA-OsUOA | ||
| 005 | 20240920125921.0 | ||
| 007 | ta | ||
| 008 | 20031212b un ||||| |||| 00| 0 ukr d | ||
| 040 |
_aUA-OsUOA _brus _cUA-OsUOA _dUA-OsUOA |
||
| 041 | _arus | ||
| 044 | _aRU | ||
| 080 | _a330(520) | ||
| 090 |
_a330(520) _bМ15 |
||
| 100 |
_aМакмиллан Ч. _916295 |
||
| 245 |
_aЯпонская промышленная система _cред. О. С. Виханский ; пер. В. Н. Вяткин, С. П. Семенцов |
||
| 260 |
_aМосква _bПрогресс _c1988 |
||
| 300 | _a400 с. | ||
| 650 | 7 | _2UDC | |
| 942 |
_cBK _2udc |
||
| 955 | _a0 | ||
| 999 |
_c307848 _d307848 |
||